| 000 | 00684nam a22001817a 4500 | ||
|---|---|---|---|
| 005 | 20251108172850.0 | ||
| 008 | 250721s2003 xx 000 0 ara d | ||
| 082 | 1 | 4 | _a956.5/خزا |
| 100 | 1 | _aالخزاعلة، محمد ربيع | |
| 245 | 1 | 0 | _aالأوائل في تاريخ الأردن الحديث ( 1920 - 2000 م ) / |
| 264 | 1 |
_aعمان : _bأمانة عمان الكبرى، _c2003. |
|
| 300 | _a178 ص | ||
| 500 | _aكتاب أبو علندا الذي يحمل رقم باركود pld00072216 له رقم متسلسل هو641562 ولكنه مكرر. | ||
| 650 | 1 | 7 | _aتاريخ الأردن |
| 650 | 1 | 7 | _aالعصر الحديث |
| 942 |
_2ddc _cBK |
||
| 999 |
_c90398 _d90398 |
||